Score 0/12 Timer 01:00
0 Plays Today
% Correct
Europe
92.7%
North America
92.5%
Africa
91.3%
Europe
88.8%
North America
88.4%
Africa
86.2%
South America
82.7%
South America
80.5%
Oceania
80.3%
Oceania
79.5%
Asia
78.9%
Asia
77%
Remove Ads.
Support Sporcle.
Get the best of Sporcle when you Go Orange. This ad-free experience offers more features, more stats, and more fun while also helping to support Sporcle. Thank you for becoming a member.

You're not logged in!

Compare scores with friends on all Sporcle quizzes.
OR
Log In

Show Comments

Extras

Top Quizzes Today


Score Distribution

Your Account Isn't Verified!

In order to create a playlist on Sporcle, you need to verify the email address you used during registration. Go to your Sporcle Settings to finish the process.

Report this User

Report this user for behavior that violates our Community Guidelines.

Details: